000 00371nam a2200121 i 4500
001 bg
245 0 _aZastosowanie M(metody) D(decydujących) C(ciągów czynności) do organizacji działalności inwestycyjnej i budownictwa :
_bpraca zbiorowa.
260 _aWarszawa,
_c1969.
040 _cBPK
041 _apol
942 _cKS
008 s pl f |000 0 pol
999 _c27139
_d27139
856 _uhttp://koha.tu.koszalin.pl/cgi-bin/koha/opac-detail.pl?biblionumber=27139
_yKatalog online BPK